000 00377 a2200145 4500
999 _c4546
_d4546
020 _a8176484970
050 _aLC3986RAO 2013
100 _aRao,V.K
_eauthor
245 _aSpecial education /
_cV K Rao
264 _aNew Dehli, India :
_b APH Pub. Corp,
_c2001
300 _a286p. :
500 _aincludes index
650 _a Special education.
942 _2lcc
_cBK
_h3986
_iRAO
_kLC